Two sermons preached before the judges of assize : 1. At Reading, on Cant: 7.4, 2. At Abingdon, on Ps. 82.1 : with two other sermons preached at St. Maries on Oxford, 1. On I Cor. 15.10, 2. On Psalm 58.11 /

Bibliographic Details
Main Author: Hinckley, John, 1617?-1695
Format: Microform Book
Language:English
Series:Early English books, 1641-1700 ; 1617:3.
Subjects:

MARC

Tag First Indicator Second Indicator Subfields
LEADER 00000cam a2200000 a 4500
001 in00000939913
005 20150926132701.0
007 hd afa013baca
007 hd bfa013baaa
008 871130r19851657miu a 00010 eng d
035 |a (OCoLC)17150313 
035 |9 AET9397AM 
037 |a CL0037000058  |b University Microfilms International 
037 |b University Microfilms International, 300 N. Zeeb Rd., Ann Arbor, MI 48106 
040 |a EAK  |c EAK  |d UtOrBLW 
043 |a e-uk-en 
045 |a u-u- 
049 |a TXAI 
090 |a BX5133  |b .H56 
099 |a film   |a  B   |a  3609 
100 1 |a Hinckley, John,  |d 1617?-1695. 
245 1 0 |a Two sermons preached before the judges of assize :  |b 1. At Reading, on Cant: 7.4, 2. At Abingdon, on Ps. 82.1 : with two other sermons preached at St. Maries on Oxford, 1. On I Cor. 15.10, 2. On Psalm 58.11 /  |c by John Hinckley ... 
264 3 |a Oxford :  |b Printed by Hen. Hall, for Ric. Davis,  |c 1657. 
300 |a 14 unnumbered pages, 88 pages, 20 unnumbered pages, 89-292, 22 pages 
336 |a text  |b txt  |2 rdacontent 
337 |a microform  |b h  |2 rdamedia 
338 |a microfilm reel  |b hd  |2 rdacarrier 
500 |a Eight p. of advertisement bound at end. 
500 |a Imperfect: print show-through. 
500 |a Reproduction of original in the Bodleian Library. 
510 4 |a Wing  |c H2049 
533 |a Microfilm.  |b Ann Arbor, Mich. :  |c University Microfilms International,  |d 1985.  |e 1 microfilm reel ; 35 mm.  |f (Early English books, 1641-1700 ; 1617:3) 
500 |a Microform. 
650 0 |a Sermons, English  |y 17th century. 
830 0 |a Early English books, 1641-1700 ;  |v 1617:3. 
999 |a MARS 
999 f f |s d79c4f6d-2eae-3d63-b42f-272be607af9e  |i 854646df-2677-32f7-bd12-1b18b2ef1f9e  |t 0 
952 f f |p default  |a Texas A&M University  |b College Station  |c Sterling C. Evans Library  |d Evans: Microforms (3rd floor)  |t 0  |e film B 3609 1617:3  |h Other scheme  |i microform -- microfilm reel 
998 f f |a film B 3609 1617:3  |t 0  |l Evans: Microforms (3rd floor)